000 00946nas a2200301 4500
001 BR9902833
003 BR-BrBNA
005 20231205101436.0
007 ta
008 230509b bl.|||p| |||| 00| 00por d
040 _aBR-BrBNA
_bpor
_cBiblioteca Nacional de Agricultura
041 _a(Pt)
072 _aF60
100 1 _aBarcelos, A.A.
100 1 _aCassol, E.A.
100 1 _aDenardin, J.E.
245 1 _aInfiltracao de agua em um latossolo vermelho-escuro sob condicoes de chuva intensa em diferentes sistemas de manejo
650 _aMilho
650 _aPlantio Direto
650 _aChuva Artificial
650 _aCobertura do Solo
650 _aManejo do Solo
650 _aInfiltracao
650 _aLatossolo Vermelho Escuro
773 0 _tRevista Brasileira de Ciencia do Solo (Brazil)
_xISSN 0100-0683
_g(Jan-Mar 1999), v. 23(1) p. 35-43
_wBR9902833
909 _a202311
_bLúcia
_c55
_dLúcia Elande
942 _2AGRIS
_n0
_cANA
999 _c161878
_d161878